Využití průmyslových odpadů ve stavebnictví /

Saved in:
Bibliographic Details
Main Author: Bažantová, Štěpánka (Author)
Format: Book
Language:Czech
Published: Praha : UVTEI - Ústředí vědeckých, technických a ekonomických informací, 1979
Series:rz1
Online Access: Get full text
Tags: Add Tag
No Tags, Be the first to tag this record!

MARC

LEADER 00000cam a2200000 4500
003 SK-BrCVT
005 20220621173053.0
008 091022s1979 cs e ||||||cze d
035 |a CVTIDWR028698 
040 |a    |b slo  |c    |d   
041 0 |a cze 
044 |a cs 
100 |a Bažantová, Štěpánka  |4 aut 
245 1 0 |a Využití průmyslových odpadů ve stavebnictví /  |c Vyprac.: Štěpánka Bažantová 
260 3 |a Praha :  |b UVTEI - Ústředí vědeckých, technických a ekonomických informací,  |c 1979 
300 |a 103 s. 
830 |a rz1 
974 |f Knihy 
999 |c 203821  |d 203821